Gaming Quiz

Random Gaming Quiz
Score 0/24 Timer 05:00
0 Plays Today
% Correct
Pallet Town
97.6%
Viridian City
90%
Cerulean City
89.5%
Pewter City
88.1%
Cinnabar Island
86.7%
Saffron City
86.2%
Lavender Town
81.9%
Celadon City
81%
Mt. Moon
77.1%
Seafoam Islands
76.2%
Vermilion City
75.7%
Indigo Plateau
73.3%
% Correct
Victory Road
69%
Power Plant
66.2%
Safari Zone
65.7%
Viridian Forest
59%
Fuchsia City
56.7%
Rock Tunnel
54.3%
Cerulean Cave
43.3%
Diglett's Cave
42.9%
Pokémon Tower
41.9%
Silph Co.
41.9%
Pokémon Mansion
33.8%
Cycling Road
32.4%

You're not logged in!

Compare scores with friends on all Sporcle quizzes.
OR
Log In

Sporcle TV

Today on Sporcle TV


Watch our educational content, quiz creation guides, and fun videos on Sporcle TV.

Show Comments

Extras

Created Oct 10, 2009SourceReportNominate
Tags:kanto, location

Top Quizzes Today


Score Distribution

Paid Content

Your Account Isn't Verified!

In order to create a playlist on Sporcle, you need to verify the email address you used during registration. Go to your Sporcle Settings to finish the process.

Report this User

Report this user for behavior that violates our Community Guidelines.

Details: